Historia Random - Statystyki

Ogólne statystyki
  • Ten quiz został rozwiązany 2 razy
  • Średni wynik to 11 z 22
Statystyki odpowiedzi
Hint Odpowiedź % Poprawnych
Gdzie Filip drugi w 338 p.n.e wygrał z Atenami i Tebami Cheroneą
100%
Cynizm Filozof Diogenes
100%
Rada starszych Sparta Geruzja
100%
Zjednoczenie Chin 221
50%
Bitwa nad Issos 333
50%
Śmierć Perykles 429
50%
Wojna Peloponeska (lata trwania) 431-404
50%
Wyprawa Dariusza I (rok) 490
50%
Powstanie Jońskie 500
50%
Klejstenes reformy 508
50%
Cyrus wielki śmierć 529
50%
Reformy Solona 594
50%
Drakon wydaje prawa 621
50%
Bunt Spartakusa 73
50%
Pierwsze Igrzyska 776
50%
Zgromadzenie Sparty Apella
50%
Dowódca pod Maratonem Miltiades
50%
Rozpad imperium Aleksandra Wielkiego(władcy:Egipt,Macedonia,Azja Mniejsza) Ptolemeusze,Antygonidzi,Seleucydzi
50%
Powstanie związku Helleńskiego 481
0%
Zgromadzenie Ludowe Aten Eklezja
0%
Pokój kończący ostatecznie wojnę z Persją Kaliasa (449)
0%
Dowódca pod Salaminą Temistokles
0%
Nie znaleziono quizów pasujących do podanych kryteriów
Rozkład punktacji
Procent ludzi z każdym wynikiem
Percentyl według liczby udzielonych odpowiedzi
Twoja historia wyników
Nie rozwiązałeś tego quizu